| 000 | 00379nam a2200157Ia 4500 | ||
|---|---|---|---|
| 008 | 221030s9999 xx 000 0 und d | ||
| 020 | _a0074636669 | ||
| 041 | _aEnglish | ||
| 082 |
_a105.23 _bJer |
||
| 100 | _aN. Jerke | ||
| 245 | 0 |
_aVisual Basic 6 : The Complete Reference _cby N. Jerke |
|
| 260 |
_bTMH _aNew Delhi _c2006 |
||
| 300 | _a788 | ||
| 650 | _aComputers | ||
| 942 | _cBK | ||
| 999 |
_c521 _d521 |
||